[Event "65 Otwarte Mistrzostwa Woj. Kujawsko-Pomorskiego - Grupa A (Fide od 1700)"]
[Site "Szubin, ul. Kcynska 13 (Szubinski Dom Kultury)"]
[Date "2012-08-15"]
[Round "9.5"]
[White "Konieczynski, Piotr"]
[Black "Zolnierowicz, Krzysztof"]
[Result "1/2-1/2"]
[WhiteTitle "I"]
[BlackTitle "IM"]
[WhiteElo "1925"]
[BlackElo "2198"]

1. d4 c5 2. d5 e6 3. Nc3 exd5 4. Nxd5 d6 5. Nf3 g6 6. Bg5 f6 7. Bf4 Nh6 8. e4 Nf7
9. Bb5+ Nc6 10. a4 a6 11. Be2 Bg7 12. c3 O-O 13. O-O f5 14. exf5 Bxf5 15. Bd3
Bxd3 16. Qxd3 g5 17. Bg3 g4 18. Nh4 Nfe5 19. Qc2 Bh6 20. Nf5 Bg5 21. Rad1 Rf7
22. Nde3 Rd7 23. Qe4 Bxe3 24. Nxe3 Qg5 25. Bf4 Qg7 26. Nf5 Qf6 27. Nh6+ Kh8 28.
Bxe5 Nxe5 29. Nxg4 Qh4 30. f3 Re8 31. Nxe5 Qxe4 32. fxe4 Rxe5 33. Rf6 Rxe4 34.
Rfxd6 Rxd6 35. Rxd6 Rxa4 36. Rd8+ Kg7 37. Rd7+ Kg6 38. Rxb7 Ra1+ 39. Kf2 Rb1 40.
Kf3 a5 41. Rb5 a4 42. Ra5 Rxb2 43. Rxa4 Rd2 44. Re4 h5 45. h4 Kf5 46. Rf4+ Ke5
47. Re4+ Kf5 48. Rf4+ Ke5 49. Re4+ 1/2-1/2

[Event "65 Otwarte Mistrzostwa Woj. Kujawsko-Pomorskiego - Grupa A (Fide od 1700)"]
[Site "Szubin, ul. Kcynska 13 (Szubinski Dom Kultury)"]
[Date "2012-08-15"]
[Round "9.6"]
[White "Zebracki, Tomasz"]
[Black "Mlodzinska, Irena"]
[Result "0-1"]
[WhiteTitle "I"]
[BlackTitle "I+"]
[WhiteElo "1942"]
[BlackElo "1916"]

1. e4 c5 2. Nf3 d6 3. c3 Nf6 4. Be2 Nc6 5. d4 cxd4 6. cxd4 Bd7 7. Nc3 g6 8. e5
dxe5 9. d5 Nd4 10. Nxe5 Nxe2 11. Qxe2 Bg7 12. O-O O-O 13. Bg5 h6 14. Bh4 Re8 15.
Rfd1 Qc7 16. Rac1 Nh5 17. d6 exd6 18. Nd5 Qa5 19. b4 Qa4 20. Ne7+ Rxe7 21. Bxe7
dxe5 22. Rd6 Re8 23. Qd1 Rxe7 24. Qd2 Be6 25. Rd1 Nf6 26. Rd8+ Kh7 27. Qe2 Rd7
28. R1xd7 Bxd7 29. g4 Bxg4 30. f3 Bd7 31. Qc4 Qd1+ 32. Kf2 Qd2+ 33. Kg1 Qe3+ 34.
Kg2 Bh3+ 0-1

[Event "65 Otwarte Mistrzostwa Woj. Kujawsko-Pomorskiego - Grupa A (Fide od 1700)"]
[Site "Szubin, ul. Kcynska 13 (Szubinski Dom Kultury)"]
[Date "2012-08-15"]
[Round "9.7"]
[White "Haja, Jacek"]
[Black "Kroczka, Gromoslaw"]
[Result "1/2-1/2"]
[WhiteTitle "II"]
[BlackTitle "II"]
[WhiteElo "1772"]
[BlackElo "1571"]

1. Nf3 c5 2. c4 Nc6 3. g3 g6 4. Bg2 Bg7 5. Nc3 Nf6 6. O-O O-O 7. b3 e6 8. Bb2 d5
9. cxd5 exd5 10. d3 Be6 11. e3 Qd7 12. Qd2 b6 13. Rac1 Rac8 14. Ne2 Rfd8 15. Ne5
Nxe5 16. Bxe5 Ne4 17. Qb2 f6 18. dxe4 fxe5 19. exd5 Bxd5 20. Rfd1 Qb7 21. Rxd5
Rxd5 22. Nc3 e4 23. Bxe4 Rcd8 24. Qc2 Bxc3 25. Bxd5+ Qxd5 26. Qxc3 Qf3 27. Qc4+
Kg7 28. b4 Rd1+ 29. Rxd1 Qxd1+ 30. Kg2 cxb4 31. Qc7+ Kh6 32. Qf4+ Kg7 33. Qc7+
Kh6 34. Qf4+ Kg7 35. Qc7+ 1/2-1/2

[Event "65 Otwarte Mistrzostwa Woj. Kujawsko-Pomorskiego - Grupa A (Fide od 1700)"]
[Site "Szubin, ul. Kcynska 13 (Szubinski Dom Kultury)"]
[Date "2012-08-15"]
[Round "9.8"]
[White "Szybowicz, Piotr"]
[Black "Maksimenko, Andrei Jr"]
[Result "0-1"]
[WhiteTitle "I"]
[BlackTitle "I"]
[WhiteElo "1925"]
[BlackElo "1890"]

1. e4 c5 2. Nf3 e6 3. d4 cxd4 4. Nxd4 a6 5. Nc3 Qc7 6. Bd3 Nf6 7. Be3 Be7 8. Qe2
d6 9. O-O O-O 10. f4 Nc6 11. a4 Nxd4 12. Bxd4 e5 13. Be3 Bd7 14. a5 Bc6 15. fxe5
dxe5 16. Rf2 Qd7 17. Rf5 Nxe4 18. Rxe5 Nxc3 19. bxc3 Bf6 20. Bd4 Bxe5 21. Qh5
Bxd4+ 22. cxd4 Qxd4+ 23. Kh1 Qxa1+ 24. Qd1 Qxd1+ 25. Bf1 Qxf1# 0-1

[Event "65 Otwarte Mistrzostwa Woj. Kujawsko-Pomorskiego - Grupa A (Fide od 1700)"]
[Site "Szubin, ul. Kcynska 13 (Szubinski Dom Kultury)"]
[Date "2012-08-15"]
[Round "9.9"]
[White "Karpus, Michal"]
[Black "Lech, Piotr"]
[Result "1-0"]
[WhiteTitle "II"]
[BlackTitle "I"]
[WhiteElo "1698"]
[BlackElo "1886"]

1. e4 e5 2. Nf3 Nf6 3. Nxe5 d6 4. Nf3 Nxe4 5. Nc3 Nxc3 6. dxc3 Be7 7. Bd3 O-O 8.
Be3 Nc6 9. h4 Bg4 10. Bxh7+ Kxh7 11. Ng5+ Kg8 12. Qxg4 Qc8 13. Qe4 f5 14. Qd5+
Kh8 15. Qf3 Kg8 16. Qh5 Bxg5 17. hxg5 Re8 18. g6 Kf8 19. Qh8+ Ke7 20. Qxg7+ Ke6
21. Qf7+ Ke5 22. O-O-O Qe6 23. Qg7+ Qf6 24. Bd4+ 1-0